Zhodnocovanie komunálnych odpadov v krajinách V4 bakalárska práca

Gespeichert in:
Bibliographische Detailangaben
1. Verfasser: Hallérová, Viktória
Körperschaft: Podnikovohospodárska fakulta EU so sídlom v Košiciach. Katedra ekonómie
Weitere Verfasser: Bačová, Monika
Format: Buch
Sprache:Slowakisch
Veröffentlicht: Košice 2019
Tags: Tag hinzufügen
Keine Tags, Fügen Sie das erste Tag hinzu!

MARC

LEADER 00000nbm a2200000 4500
001 0256404
005 20240827093348.3
041 0 |a slo 
044 |a SK 
245 1 0 |a Zhodnocovanie komunálnych odpadov v krajinách V4  |b bakalárska práca  |c Viktória Hallérová ; školiteľ: Monika Bačová 
264 1 |a Košice  |c 2019 
300 |a 55 s. 
100 1 |a Hallérová, Viktória 
700 1 |a Bačová, Monika 
710 2 |a Podnikovohospodárska fakulta EU so sídlom v Košiciach. Katedra ekonómie